000 00257nam a2200097Ia 4500
008 230915s9999 xx 000 0 und d
050 _aQH91.8 .B43 2013
100 _aBEDMAN DANIEL W.
245 0 _amarine environmental biology and conservation
942 _cBK
999 _c191194
_d191194